Online katalóg knižníc regiónu Turca

Zázračný triezvy koráb (Record no. 21175)

MARC details
000 -LEADER
fixed length control field 01420nam a2200409 a 4500
001 - CONTROL NUMBER
control field 21175
003 - CONTROL NUMBER IDENTIFIER
control field VRT
005 - DATE AND TIME OF LATEST TRANSACTION
control field 20260223153853.0
008 - FIXED-LENGTH DATA ELEMENTS--GENERAL INFORMATION
fixed length control field 230403s1960 xo slo
015 ## - NATIONAL BIBLIOGRAPHY NUMBER
National bibliography number SNBA1960/12-02034
035 ## - SYSTEM CONTROL NUMBER
System control number SK01SNK19600053174
035 ## - SYSTEM CONTROL NUMBER
System control number urn:nbn:sk:snk-am3h4c9
035 ## - SYSTEM CONTROL NUMBER
System control number urn:nbn:sk:snk-am00cn3b
035 ## - SYSTEM CONTROL NUMBER
System control number BCA18B99-530A-4CF4-861B-44F5DE2A4DF6
035 ## - SYSTEM CONTROL NUMBER
System control number SKM000055637
039 #9 - LEVEL OF BIBLIOGRAPHIC CONTROL AND CODING DETAIL [OBSOLETE]
Level of rules in bibliographic description 202304032036
Level of effort used to assign nonsubject heading access points VLOAD
Level of effort used to assign subject headings 202212081106
Level of effort used to assign classification VLOAD
Level of effort used to assign subject headings 201808131545
Level of effort used to assign classification VLOAD
Level of effort used to assign subject headings 201803051031
Level of effort used to assign classification VLOAD
040 ## - CATALOGING SOURCE
Original cataloging agency SNK
Language of cataloging slo
Transcribing agency SNK
Description conventions AACR2
041 0# - LANGUAGE CODE
Language code of text/sound track or separate title slo
044 ## - COUNTRY OF PUBLISHING/PRODUCING ENTITY CODE
MARC country code xo
ISO country code SK
080 ## - UNIVERSAL DECIMAL CLASSIFICATION NUMBER
Universal Decimal Classification number 885.4-1
Edition identifier 1981
100 1# - MAIN ENTRY--PERSONAL NAME
Personal name Žáry, Štefan,
Dates associated with a name 1918-2007
Relationship aut
245 10 - TITLE STATEMENT
Title Zázračný triezvy koráb
Remainder of title Báseň o víťazstvách človeka môjho veku
Statement of responsibility, etc. Štefan Žáry ; ilustr. Orest Dubay
260 ## - PUBLICATION, DISTRIBUTION, ETC.
Place of publication, distribution, etc. Bratislava
Name of publisher, distributor, etc. Slovenský spisovateľ
Date of publication, distribution, etc. 1960
Place of manufacture Ružomberok
Manufacturer Tlačiarne SNP
300 ## - PHYSICAL DESCRIPTION
Extent 125, [3] s.
Dimensions
490 1# - SERIES STATEMENT
Series statement Nová komorná knižnica
Volume/sequential designation zv. 19
500 ## - GENERAL NOTE
General note Frontispice.
563 ## - BINDING INFORMATION
Binding note 4000 výtl.
650 07 - SUBJECT ADDED ENTRY--TOPICAL TERM
Topical term or geographic name entry element básne
655 #7 - INDEX TERM--GENRE/FORM
Genre/form data or focus term umelecká literatúra
Source of term SNKPH
700 1# - ADDED ENTRY--PERSONAL NAME
Personal name Dubay, Orest,
Dates associated with a name 1919-2005
Relationship ill
830 #0 - SERIES ADDED ENTRY--UNIFORM TITLE
Uniform title Nová komorná knižnica
942 ## - ADDED ENTRY ELEMENTS (KOHA)
Source of classification or shelving scheme Dewey Decimal Classification
Koha item type Krásna literatúra pre dospelých
Suppress in OPAC No
949 ## - LOCAL PROCESSING INFORMATION (OCLC)
6 17A0677454
a snkSD 19466
b snkKSP 4357/60
s 6100:20161017
949 ## - LOCAL PROCESSING INFORMATION (OCLC)
6 369701000009151
a aubbO 6456
b aubbO6456
p Darca: Stračina, Svetozár
Holdings
Stav vyradenia Strata Poškodenie Spôsob nadobudnutia Domovská knižnica Aktuálna knižnica Dátum nadobudnutia Total checkouts Čiarový kód exemplára Date last seen Typ exemplára
      Dar Obecná knižnica Horná Štubňa Obecná knižnica Horná Štubňa 23.02.2026   4736201446 23.02.2026 Krásna literatúra pre dospelých
Projekt je podporený Slovenskou asociáciou knižníc
Prevádzkuje Turčianska knižnica Martin 2026